00371 2200145 4500001002100000005001500021008004100036020002200077035001900099082000800118090001400126100002200140245001800162260004500180INLIS00000000000719620241224113430241224||||||||| | ||| |||| ||  a978 979 22 8231 3 0010-12240071960 a823 a823 WIL h0 aJACQUELINE WILSON00aHETTY FEATHER aJakartabpt gramedia pustaka utamac2012